00831nam a2200217 a 4500001001000000003000400010005001700014008004100031040002500072082002900097100005000126245005200176260004200228300002000270650003100290650003100321910003700352942001400389952019300403999001700596000033310OSt20240412074257.0110823s1921 dr 000 0 spa d aDO-SdBNPbspacBNPHU 4aRD861.44 bC183b2221 aCaminiero Sánchez, Mario958910d1891-1975 10aBajo los árboles /cMario Caminero Sánchez. aSanto Domingo :bLa Provincia,c1921. a60 p. ;c21 cm. 4aPoesía dominicana977105 0aLiteratura dominicana.967 aValidado. Control de calidad MFF 2ddccLBS1 00102ddc718RVaBNPHUbPDcCTd2011-08-23iLF1l0oBNPHU PD-RV RD861.4 C183bp33310-10r2020-06-25w2020-06-25yLBS1zPerteneció a la biblioteca personal de Carlos Larrazábal Blanco. c32801d32801